Modern information systems for managers / (Record no. 6010)

MARC details
000 -LEADER
fixed length control field 01005nac a22002411u 4500
010 ## - LIBRARY OF CONGRESS CONTROL NUMBER
LC control number 97009582
020 ## - INTERNATIONAL STANDARD BOOK NUMBER
International Standard Book Number 0120959704 (acid-free paper)
082 00 - DEWEY DECIMAL CLASSIFICATION NUMBER
Classification number 658.4038
Item number BID
090 ## - LOCALLY ASSIGNED LC-TYPE CALL NUMBER (OCLC); LOCAL CALL NUMBER (OCLC)
-- 6010
-- 6010
100 ## - MAIN ENTRY--PERSONAL NAME
Personal name Bidgoli, Hossein.
245 10 - TITLE STATEMENT
Title Modern information systems for managers /
Statement of responsibility, etc Hossein Bidgoli.
260 ## - PUBLICATION, DISTRIBUTION, ETC. (IMPRINT)
Place of publication, distribution, etc San Diego, CA :
Name of publisher, distributor, etc Academic Press,c1997.
Date of publication, distribution, etc c1997.
300 ## - PHYSICAL DESCRIPTION
Extent xxvii, 438 p. :
Other physical details ill. ;
Dimensions 24 cm.
500 ## - GENERAL NOTE
General note Distributer: Al-Ahram.
504 ## - BIBLIOGRAPHY, ETC. NOTE
Bibliography, etc Includes bibliographical references and index.
511 ## - PARTICIPANT OR PERFORMER NOTE
Participant or performer note Catalogued By: Mahitab.
650 #0 - SUBJECT ADDED ENTRY--TOPICAL TERM
Topical term or geographic name as entry element Management information systems.
650 #0 - SUBJECT ADDED ENTRY--TOPICAL TERM
Topical term or geographic name as entry element Information resources management.
856 42 - ELECTRONIC LOCATION AND ACCESS
Materials specified Publisher description
Uniform Resource Identifier <a href="http://www.loc.gov/catdir/description/els032/97009582.html">http://www.loc.gov/catdir/description/els032/97009582.html</a>
856 42 - ELECTRONIC LOCATION AND ACCESS
Materials specified Table of contents
Uniform Resource Identifier <a href="http://www.loc.gov/catdir/toc/els032/97009582.html">http://www.loc.gov/catdir/toc/els032/97009582.html</a>
942 ## - ADDED ENTRY ELEMENTS (KOHA)
Item type Book - Borrowing
Call number prefix 658.4038BID
Holdings
Withdrawn status Item status Damaged status Not for loan Home library Current library Shelving location Date acquired Source of acquisition Total Checkouts Total Renewals Full call number Barcode Date last seen Date last borrowed Koha item type
        Central Library Central Library First floor 07/11/2011 Purchase 2 1 658.4038BID 000006961 15/07/2025 25/03/2015 Book - Borrowing